Abnormal psychology/ (Record no. 9536)

MARC details
000 -LEADER
fixed length control field 00641nam a22002057a 4500
003 - CONTROL NUMBER IDENTIFIER
control field OSt
005 - DATE AND TIME OF LATEST TRANSACTION
control field 20260421032525.0
008 - FIXED-LENGTH DATA ELEMENTS--GENERAL INFORMATION
fixed length control field 260421b |||||||| |||| 00| 0 eng d
020 ## - INTERNATIONAL STANDARD BOOK NUMBER
International Standard Book Number 0-471-39221-9
040 ## - CATALOGING SOURCE
Original cataloging agency DWCL-Main lib.
Transcribing agency OC
082 ## - DEWEY DECIMAL CLASSIFICATION NUMBER
Edition number 8th ed.
Classification number Circ. 612.89 D282a 2001
100 ## - MAIN ENTRY--PERSONAL NAME
Personal name Davison, Gerald C.
245 ## - TITLE STATEMENT
Title Abnormal psychology/
Statement of responsibility, etc. Gerald C. Davidson
250 ## - EDITION STATEMENT
Edition statement 8th ed.
260 ## - PUBLICATION, DISTRIBUTION, ETC.
Place of publication, distribution, etc. New York :
Name of publisher, distributor, etc. John Wiley & Sons, inc.,
Date of publication, distribution, etc. c2001.
300 ## - PHYSICAL DESCRIPTION
Extent xvii 565, S11 p. :
Other physical details illustrations ;
Dimensions 28 cm.
504 ## - BIBLIOGRAPHY, ETC. NOTE
Bibliography, etc. note includes reference and index
700 ## - ADDED ENTRY--PERSONAL NAME
Personal name Neale, John M.
942 ## - ADDED ENTRY ELEMENTS (KOHA)
Source of classification or shelving scheme Dewey Decimal Classification
Koha item type Book Circulation
Edition 8th ed.
Classification part Circ.
Suppress in OPAC No
952 ## - LOCATION AND ITEM INFORMATION (KOHA)
--
952 ## - LOCATION AND ITEM INFORMATION (KOHA)
--
Holdings
Withdrawn status Lost status Source of classification or shelving scheme Damaged status Not for loan Home library Current library Shelving location Date acquired Cost, normal purchase price Total Checkouts Full call number Barcode Date last seen Copy number Price effective from Koha item type Uniform Resource Identifier
    Dewey Decimal Classification     College Library College Library Circulation 07/29/2003 0.00   Circ. 612.89 D282a 2001 CL38595 04/21/2026 c1 04/21/2026 BK-CIRC
    Dewey Decimal Classification     College Library College Library Circulation 04/21/2026 0.00   Circ. 612.89 D282a 2001 CL39053 04/21/2026 c2 04/21/2026 BK-CIRC